Normal view
MARC view
Entry Topical Term
001 - CONTROL NUMBER
- control field: 28665
003 - CONTROL NUMBER IDENTIFIER
- control field: dpl
005 - DATE AND TIME OF LATEST TRANSACTION
- control field: 20110621134924.0
008 - FIXED-LENGTH DATA ELEMENTS
- fixed length control field: 110621|||a|||||| | ||| d
040 ## - CATALOGING SOURCE
- Original cataloging agency: dpl
- Transcribing agency: dpl
150 ## - HEADING--TOPICAL TERM
- Topical term or geographic name as entry element: Electric machinery testing & design
670 ## - SOURCE DATA FOUND
- Source citation: Work cat.: (dpl)38913: Deshpande,M V 28664, Design and testing of electrical machines /, 2010
670 ## - SOURCE DATA FOUND
- Source citation: Work cat.: (dpl)38913: Deshpande,M V 28664, Design and testing of electrical machines /, 2010
